Le unioni omosessuali: un problema di filosofía del diritto
Guardat en:
| Autor principal: | |
|---|---|
| Format: | Llibre |
| Idioma: | italià |
| Publicat: |
Milán
Dott. A. Giuffrè
2007
|
| Col·lecció: | Pubblicazioni della Facoltà di Giurisprudenza. Nuova serie. Università Degli Studi di Roma Tor Vergata, 26
|
| Matèries: | |
| Etiquetes: |
Afegir etiqueta
Sense etiquetes, Sigues el primer a etiquetar aquest registre!
|
MARC
| LEADER | 00000nam a2200000 a 4500 | ||
|---|---|---|---|
| 001 | UCI5197 | ||
| 003 | CL-VaPUC | ||
| 008 | 080314e20070000IT |||||||||||||||||ita|d | ||
| 020 | |a 8814133980 | ||
| 082 | 0 | 4 | |a 340.1 |b GAM |2 21 |
| 100 | 0 | |a Gambino, Gabriella |e author |9 527353 | |
| 245 | 1 | 3 | |a Le unioni omosessuali: un problema di filosofía del diritto |
| 300 | |a 217 p | ||
| 942 | |c BK | ||
| 945 | |d 20080314 00:00:00 |a jtorresc | ||
| 260 | |a Milán |b Dott. A. Giuffrè |c 2007 | ||
| 650 | 0 | |a Filosofía del derecho |9 255050 | |
| 650 | 0 | |a Teoría del derecho |9 255982 | |
| 650 | 0 | |a Positivismo jurídico |9 255992 | |
| 650 | 0 | |a Homosexualidad |9 255614 | |
| 650 | 0 | |a Derecho y legislación |9 255077 | |
| 583 | |a last modification |c 20080314 00:00:00 |k Rodrigo Vera | ||
| 490 | 0 | |a Pubblicazioni della Facoltà di Giurisprudenza. Nuova serie. Università Degli Studi di Roma Tor Vergata, 26 | |
| 999 | |c 328960 |d 328958 | ||
| 952 | |0 0 |1 0 |4 0 |6 340_100000000000000_GAM_2007 |7 0 |8 A |9 413182 |a BIBDER |b BIBDER |d 2019-11-22 |i 4415795 |o 340.1 GAM 2007 |p 4415795 |r 2023-01-25 |w 2019-11-22 |y BK |k DER | ||